=LDR 00000nam 2200000 4500 =001 NUTBA000000000003841 =005 20140827142916.0 =006 =007 =008 =020 ##$$a 978-602-9129-08-3 =035 ##$$a 0010-081400000000686 =040 ##$$a NBPDMAT =082 ##$$a 612.744 =084 ##$$a 612.744 Sar b =100 ##$$a Saryono =245 ##$$a Biokimia Otot / $c Saryono =260 ##$$a Yogyakarta : $b Maha Medika, $c 2011 =300 ##$$a x, 158 hlm : $b ilus.; $c 21 cm. =500 ##$$a Bibliografi : hlm. 155-156 =650 ##$$a otot -biokimia =990 ##$$a 21409097 =990 ##$$a 0001/BPAP-NTB/20142014 =990 ##$$a 0001/BPAP-NTB/20142014 =990 ##$$a 0001/BPAP-NTB/20142014 =990 ##$$a 0001/BPAP-NTB/20142014 =990 ##$$a 0001/BPAP-NTB/20142014